|
|
|
|
| LEADER |
00925nam a2200205 a 4500 |
| 001 |
GR-MES1536 |
| 008 |
991111s1995 gr 000 1 gre|c |
| 020 |
|
|
|a 9602365218
|
| 040 |
|
|
|a GrPaTEI
|b gre
|c GR-PaULI
|
| 100 |
1 |
|
|a Χρυσοχόου, Ιφιγένεια,
|d 1912-
|
| 245 |
1 |
0 |
|a Εδώ Σμύρνη... εδώ Σμύρνη... /
|c Ιφιγένεια Χρυσοχόου.
|
| 250 |
|
|
|a 2η έκδ. αναθ.
|
| 260 |
|
|
|a Αθήνα :
|b Νέα Σύνορα,
|c 1995.
|
| 300 |
|
|
|a 202 σ. ;
|c 21 εκ.
|
| 490 |
0 |
|
|a Ελληνική λογοτεχνία
|
| 650 |
|
7 |
|a Νεοελληνική λογοτεχνία
|2 nlgaf
|
| 942 |
|
|
|2 ddc
|
| 952 |
|
|
|0 0
|1 0
|2 ddc
|4 0
|6 889_340000000000000_ΧΡΥ
|7 0
|9 265769
|a MSLG
|b MSLG
|c BSC
|d 2021-01-17
|e 24
|f 0
|g 0.00
|l 0
|o 889.34 ΧΡΥ
|p 2420000008966
|r 2021-01-17 00:00:00
|t 1
|w 2021-01-17
|y BK15
|x ΑΠΩΛΕΙΑ ΒΙΒΛΙΟΥ
|x 19991111 0 1
|x GrPaTEI
|
| 971 |
|
|
|a .b25725798
|b 10-09-20
|c 13-09-16
|
| 999 |
|
|
|c 152775
|d 152775
|